Normal view MARC view

Entry Topical Term

Number of records used in: 1

001 - CONTROL NUMBER

  • control field: 1234695

003 - CONTROL NUMBER IDENTIFIER

  • control field: OSt

005 - DATE AND TIME OF LATEST TRANSACTION

  • control field: 20260410162232.0

008 - FIXED-LENGTH DATA ELEMENTS

  • fixed length control field: 260410|| aca||aabn | a|a d

040 ## - CATALOGING SOURCE

  • Original cataloging agency: OSt
  • Transcribing agency: OSt

150 ## - HEADING--TOPICAL TERM

  • Topical term or geographic name entry element: भाषा अनुवाद

670 ## - SOURCE DATA FOUND

  • Source citation: Work cat.: (OSt)1467460: मुकुल, मंजु 863592, मीडिया में अनुवाद का संप्रेक्षणधर्मी नवीन मॉडल , 2023.
Copyright @ Delhi University Library System